| 000 | 00435nam a2200157 i 4500 | ||
|---|---|---|---|
| 001 | 101766 | ||
| 003 | ES-MaACL | ||
| 005 | 20230906182956.0 | ||
| 007 | t| | ||
| 008 | 051025s1978 sp ||||1| spa d | ||
| 100 | 1 |
_aMeléndez, Jacobo. _979911 |
|
| 245 | 1 | 0 |
_aPasión del arraigado / _cJacobo Meléndez. |
| 260 |
_aCórdoba : _b[s.n.], _c1978 ( _fImp. San Pablo) |
||
| 300 |
_a87 p. ; _c19 cm. |
||
| 852 |
_aES-MaACL _jA-9839 _bR.98928 |
||
| 999 |
_c101766 _d101766 |
||